00231nam a22000737a 4500020001800000100002900018245007600047260003400123 a9780439377096 aDav Pilkey & Dan Santat. aRicky Ricotta's mighty robot vs the naughty nightcrawlers from Nepture. aNewYorkbScholastic Incc2021